<?xml version='1.0' encoding='UTF-8'?><?xml-stylesheet href='static/style.xsl' type='text/xsl'?><OAI-PMH xmlns="http://www.openarchives.org/OAI/2.0/" xmlns:xsi="http://www.w3.org/2001/XMLSchema-instance" xsi:schemaLocation="http://www.openarchives.org/OAI/2.0/ http://www.openarchives.org/OAI/2.0/OAI-PMH.xsd"><responseDate>2026-04-30T21:22:08Z</responseDate><request verb="GetRecord" identifier="oai:ebiltegia.mondragon.edu:20.500.11984/3996" metadataPrefix="marc">https://ebiltegia.mondragon.edu/oai/request</request><GetRecord><record><header><identifier>oai:ebiltegia.mondragon.edu:20.500.11984/3996</identifier><datestamp>2024-01-04T21:56:53Z</datestamp><setSpec>com_20.500.11984_1736</setSpec><setSpec>com_20.500.11984_1627</setSpec><setSpec>col_20.500.11984_1972</setSpec></header><metadata><record xmlns="http://www.loc.gov/MARC21/slim" xmlns:dcterms="http://purl.org/dc/terms/" xmlns:xsi="http://www.w3.org/2001/XMLSchema-instance" xmlns:doc="http://www.lyncode.com/xoai" xsi:schemaLocation="http://www.loc.gov/MARC21/slim http://www.loc.gov/standards/marcxml/schema/MARC21slim.xsd">
   <leader>00925njm 22002777a 4500</leader>
   <datafield ind2=" " ind1=" " tag="042">
      <subfield code="a">dc</subfield>
   </datafield>
   <datafield ind2=" " ind1=" " tag="720">
      <subfield code="a">Mondragon Unibertsitatea</subfield>
      <subfield code="e">author</subfield>
   </datafield>
   <datafield ind2=" " ind1=" " tag="260">
      <subfield code="c">2014-09-12</subfield>
   </datafield>
   <datafield ind2=" " ind1=" " tag="520">
      <subfield code="a">Humanitate eta Hezkuntza Zientzien Fakultateak gainditu egin du Unibasq Euskal Unibertsitate Sistemaren Kalitate Agentziak egindako fakultatearen kalitate sistemaren auditoriaria. Pasa den uztailaren 22an egon ziren AUDIT programaren auditoreak Eskoriatzako campusean eta oraingo astean jaso du fakultateak aldeko txostena.</subfield>
   </datafield>
   <datafield ind2=" " ind1=" " tag="520">
      <subfield code="a">La Facultad de Humanidades y Ciencias de la Educación supera al auditoria del sistema de calidad realizada por Unibasq, la Agencia de Calidad del Sistema Universitario Vasco. La auditoría se realizó el pasado 22 de julio en el campus de Eskoriatza y esta semana se ha recibido el informe favorable del Programa AUDIT.</subfield>
   </datafield>
   <datafield ind1="8" ind2=" " tag="024">
      <subfield code="a">https://hdl.handle.net/20.500.11984/3996</subfield>
   </datafield>
   <datafield tag="653" ind2=" " ind1=" ">
      <subfield code="a">Humanitate eta Hezkuntza Zientzien Fakultatea</subfield>
   </datafield>
   <datafield ind2="0" ind1="0" tag="245">
      <subfield code="a">Humanitate eta Hezkuntza Zientzien Fakultateak aldeko txostena jaso du Unibasq-ek egindako kalitate sistemaren auditorian</subfield>
   </datafield>
   <datafield ind2="0" ind1="0" tag="245">
      <subfield code="a">La Facultad de Humanidades y Ciencias de la Educación supera al auditoria del sistema de calidad realizada por Unibasq</subfield>
   </datafield>
</record></metadata></record></GetRecord></OAI-PMH>